Karangan perumpamaan bergambar : KBSR untuk sekolah rendah

Bibliographic Details
Main Author: Zaiton Afidza Zainal Abidin
Corporate Author: Title
Format: Book
Published: Kuala Lumpur : Iqra' Publications , 2002
Subjects:

MARC

LEADER 00000cam a2200000 7i4500
001 0000006588
005 20151222.0
008 070817
020 |a 9831461002 
090 0 0 |a NS   |b MAL 
100 0 |a Zaiton Afidza Zainal Abidin 
245 1 0 |a Karangan perumpamaan bergambar :   |b KBSR untuk sekolah rendah   |c Zaiton Afidza Zainal Abidin 
260 |a Kuala Lumpur :   |b Iqra' Publications ,   |c 2002 
500 |a Children ages 10-12 years old (pink) 
650 0 |a Junior fiction   |x Malay   |x Languages 
650 0 |a Nursery rhymes 
710 0 |a Title 
999 |a 0000985583   |b Book   |c REFERENCE   |e Perbadanan Perpustakaan Awam Johor 
999 |a 0000985584   |b Book   |c REFERENCE   |e Perbadanan Perpustakaan Awam Johor 
999 |a 0000985586   |b Book   |c REFERENCE   |e Cawangan Taman Universiti 
999 |a 0000985587   |b Book   |c REFERENCE   |e Cawangan Kota Tinggi